Psychological, anthropological, sociological foundations of education book / (Record no. 6122)

MARC details
000 -LEADER
fixed length control field 00646nam a22001937a 4500
003 - CONTROL NUMBER IDENTIFIER
control field OSt
005 - DATE AND TIME OF LATEST TRANSACTION
control field 20251124153027.0
008 - FIXED-LENGTH DATA ELEMENTS--GENERAL INFORMATION
fixed length control field 251124b |||||||| |||| 00| 0 eng d
020 ## - INTERNATIONAL STANDARD BOOK NUMBER
International Standard Book Number 971-08-6051-8.
040 ## - CATALOGING SOURCE
Original cataloging agency DWCL-Main lib.
Transcribing agency OC
082 ## - DEWEY DECIMAL CLASSIFICATION NUMBER
Classification number Fil. 370 T917p 2000
100 ## - MAIN ENTRY--PERSONAL NAME
Personal name Tulio, Doris D.
245 ## - TITLE STATEMENT
Title Psychological, anthropological, sociological foundations of education book /
Statement of responsibility, etc. Doris D. Tulio
260 ## - PUBLICATION, DISTRIBUTION, ETC.
Place of publication, distribution, etc. Mandaluyong City :
Name of publisher, distributor, etc. National Book Store,
Date of publication, distribution, etc. c2000.
300 ## - PHYSICAL DESCRIPTION
Extent xiv, 189 p.
Other physical details : ill. ;
Dimensions 22 cm.
504 ## - BIBLIOGRAPHY, ETC. NOTE
Bibliography, etc. note Includes bibliographical references and index.
650 ## - SUBJECT ADDED ENTRY--TOPICAL TERM
Topical term or geographic name entry element Education.
942 ## - ADDED ENTRY ELEMENTS (KOHA)
Source of classification or shelving scheme Dewey Decimal Classification
Koha item type Book-Filipiniana
Classification part Fil.
Suppress in OPAC No
952 ## - LOCATION AND ITEM INFORMATION (KOHA)
--
952 ## - LOCATION AND ITEM INFORMATION (KOHA)
--
952 ## - LOCATION AND ITEM INFORMATION (KOHA)
--
952 ## - LOCATION AND ITEM INFORMATION (KOHA)
--
Holdings
Withdrawn status Lost status Source of classification or shelving scheme Damaged status Not for loan Home library Current library Shelving location Date acquired Source of acquisition Cost, normal purchase price Total Checkouts Full call number Barcode Date last seen Copy number Price effective from Koha item type Uniform Resource Identifier
    Dewey Decimal Classification     College Library College Library Filipiniana 06/23/2008 School Fund 175.00   Fil. 370 T917p 2000 CL45941 11/24/2025 c4 11/24/2025 BK - FIL
    Dewey Decimal Classification     College Library College Library Filipiniana 11/26/2004 School Fund 0.00   Fil. 370 T917p 2000 CL41408 11/24/2025 c3 11/24/2025 BK - FIL
    Dewey Decimal Classification     College Library College Library Filipiniana 11/26/2004 School Fund 0.00   Fil. 370 T917p 2000 CL41407 11/24/2025 c2 11/24/2025 BK - FIL
    Dewey Decimal Classification     College Library College Library Filipiniana 11/26/2004 School Fund 0.00   Fil. 370 T917p 2000 CL41406 11/24/2025 c1 11/24/2025 BK - FIL